| 000 | 00623cam a2200229 4500 | ||
|---|---|---|---|
| 008 | 090401t1986 xxu||||| |||| 00| 0 eng d | ||
| 020 | _a0582494850 | ||
| 035 | _a(Sirsi) u36153 | ||
| 041 | _aeng | ||
| 050 | _a694.01 | ||
| 100 | _aMettem, C. J. | ||
| 245 | _aStructural timber design and technology | ||
| 260 |
_aHarlow, Essex _bLongman _c1986 |
||
| 300 | _a343p. : ill. ; 30cm. | ||
| 350 | _a48 | ||
| 520 | _aProduced for Timber Research and Development Association . | ||
| 650 | _aBUILT ENVIRONMENT-CONSTRUCTION DESIGN | ||
| 650 | _aSTRESS DESIGN | ||
| 650 | _aTIMBER | ||
| 942 | _n0 | ||
| 948 | _c04/03/1997 | ||
| 999 |
_c90194 _d90194 |
||